The law on obligations and contracts / (Record no. 1018)

MARC details
000 -LEADER
fixed length control field 00670nam a2200217 4500
003 - CONTROL NUMBER IDENTIFIER
control field OSt
005 - DATE AND TIME OF LATEST TRANSACTION
control field 20240620082723.0
008 - FIXED-LENGTH DATA ELEMENTS--GENERAL INFORMATION
fixed length control field 240620b |||||||| |||| 00| 0 eng d
020 ## - INTERNATIONAL STANDARD BOOK NUMBER
International Standard Book Number 9789712360046
040 ## - CATALOGING SOURCE
Original cataloging agency DWCL-Main lib
Transcribing agency OC
082 ## - DEWEY DECIMAL CLASSIFICATION NUMBER
Edition number 2011, revised edition
Classification number Fil. 346.07 D346l 2011
006 - FIXED-LENGTH DATA ELEMENTS--ADDITIONAL MATERIAL CHARACTERISTICS
fixed length control field a
100 ## - MAIN ENTRY--PERSONAL NAME
Personal name De Leon , Hector S.
245 ## - TITLE STATEMENT
Title The law on obligations and contracts /
250 ## - EDITION STATEMENT
Edition statement 2011, revised edition
260 ## - PUBLICATION, DISTRIBUTION, ETC.
Place of publication, distribution, etc. Manila :
Name of publisher, distributor, etc. Rex Book Store,
Date of publication, distribution, etc. c2011.
300 ## - PHYSICAL DESCRIPTION
Extent xxiii,
Other physical details 465 p. ;
Dimensions 22 cm.
650 ## - SUBJECT ADDED ENTRY--TOPICAL TERM
Topical term or geographic name entry element 1. Obligation (Law)-Philippines.
650 ## - SUBJECT ADDED ENTRY--TOPICAL TERM
Topical term or geographic name entry element 2. Contracts-Philippines.
942 ## - ADDED ENTRY ELEMENTS (KOHA)
Source of classification or shelving scheme Dewey Decimal Classification
Suppress in OPAC No
Koha item type Book-Filipiniana
Edition 2011, revised edition
Call number prefix Fil.
Holdings
Withdrawn status Lost status Source of classification or shelving scheme Damaged status Not for loan Home library Current library Shelving location Date acquired Source of acquisition Cost, normal purchase price Total Checkouts Full call number Barcode Date last seen Copy number Price effective from Koha item type Uniform Resource Identifier
    Dewey Decimal Classification     College Library College Library Filipiniana 11/16/2011 School Fund 600.00   Fil. 346.07 D346l 2011 48971 06/20/2024 c1 06/20/2024 Book-Filipiniana
    Dewey Decimal Classification     College Library College Library Filipiniana 11/16/2011 School Fund 600.00   Fil. 346.07 D346l 2011 48972 06/20/2024 c2 06/20/2024 Book-Filipiniana
    Dewey Decimal Classification     College Library College Library Filipiniana 11/16/2011 School Fund 600.00   Fil. 346.07 D346l 2011 48973 06/20/2024 c3 06/20/2024 Book-Filipiniana
    Dewey Decimal Classification     College Library College Library Filipiniana 08/24/2012 School Fund     Fil. 346.07 D346l 2011 49514 06/20/2024 c4 06/20/2024 Book-Filipiniana